ნიკო ფიროსმანიშვილი / Niko Pirosmanishvili / Нико Пиросманишвили / Niko Phirosmanichvily (Record no. 2118)

000 -LEADER
fixed length control field 01585nam a22002417a 4500
003 - CONTROL NUMBER IDENTIFIER
control field OSt
005 - DATE AND TIME OF LATEST TRANSACTION
control field 20210414104357.0
008 - FIXED-LENGTH DATA ELEMENTS--GENERAL INFORMATION
fixed length control field 210311s1926 ||||| |||| 00| 0 geo d
040 ## - CATALOGING SOURCE
Original cataloging agency eng
Language of cataloging eng
Transcribing agency DLC
041 ## - LANGUAGE CODE
Language code of text/sound track or separate title geo
-- rus
Language code of sung or spoken text fre
080 ## - UNIVERSAL DECIMAL CLASSIFICATION NUMBER
Universal Decimal Classification number 7
Item number P-57
100 ## - MAIN ENTRY--PERSONAL NAME
9 (RLIN) 1343
Personal name ტაბიძე, ტიციან / Tabidze, Titian / Табидзе, Тициан
245 ## - TITLE STATEMENT
Title ნიკო ფიროსმანიშვილი / Niko Pirosmanishvili / Нико Пиросманишвили / Niko Phirosmanichvily
Statement of responsibility, etc. / by: საქართველოს სახელმწიფო გამომცემლობა / Государственное Издательство Грузии / Georgia State Publishing
260 ## - PUBLICATION, DISTRIBUTION, ETC.
Place of publication, distribution, etc. ტფილისი / Tbilisi / Тифлис
Name of publisher, distributor, etc. საქართველოს სახელმწიფო გამომცემლობა / Государственное Издательство Грузии / Georgia State Publishing
Date of publication, distribution, etc. 1972
300 ## - PHYSICAL DESCRIPTION
Extent 204 p.
Other physical details ill.
650 #0 - SUBJECT ADDED ENTRY--TOPICAL TERM
9 (RLIN) 447
Topical term or geographic name entry element Art
653 ## - INDEX TERM--UNCONTROLLED
Uncontrolled term ხელოვნება
700 ## - ADDED ENTRY--PERSONAL NAME
9 (RLIN) 1344
Personal name რობაქიძე, გრიგოლ / Robakidze, Grigol / Робакидзе, Григол
700 ## - ADDED ENTRY--PERSONAL NAME
9 (RLIN) 1345
Personal name ქიქოძე, გერონტი / Kikodze, Geront / Кикодзе, Геронт
700 ## - ADDED ENTRY--PERSONAL NAME
9 (RLIN) 1346
Personal name ზდანევიჩი, კირილ / Zdanevich, Kiril / Зданевич, Кирилл
700 ## - ADDED ENTRY--PERSONAL NAME
9 (RLIN) 1347
Personal name ჩერნიავსკო, კოლაუ / Cherniavsko, Kolau / Чернявский, Коллау
942 ## - ADDED ENTRY ELEMENTS (KOHA)
Source of classification or shelving scheme
Koha item type Books
Holdings
Withdrawn status Lost status Source of classification or shelving scheme Damaged status Not for loan Permanent location Current location Date acquired Inventory number Total Checkouts Full call number Barcode Date last seen Price effective from Koha item type
          Ken Walker International University Ken Walker International University 03/11/2021 1454   7 P-57 1454 03/11/2021 03/11/2021 Books

Powered by Koha